| 000 | 01144cam a2200337 i 4500 | ||
|---|---|---|---|
| 001 | 19182569 | ||
| 003 | NUST | ||
| 005 | 20210208115353.0 | ||
| 008 | 160720s2017 nyua b 001 0 eng | ||
| 010 | _a 2016033397 | ||
| 020 | _a9781498776936 (hardcover : alk. paper) | ||
| 020 | _z9781498776967 (e-book) | ||
| 038 | _aNIAZ | ||
| 040 |
_aDLC _beng _cDLC _erda _dDLC |
||
| 042 | _apcc | ||
| 050 | 0 | 0 |
_aQD31.2 _b.M35 2017 |
| 082 | 0 | 0 |
_a628 _bMAN |
| 100 | 1 |
_aManahan, Stanley E., _eauthor. _92508 |
|
| 245 | 1 | 0 |
_aEnvironmental chemistry / _cStanley Manahan. |
| 250 | _aTenth edition. | ||
| 264 | 1 |
_aNew York : _bCRC Press/Taylor & Francis Group, _c[2017] |
|
| 300 |
_axxxi, 752 pages : _billustrations ; _c27 cm |
||
| 336 |
_atext _btxt _2rdacontent |
||
| 337 |
_aunmediated _bn _2rdamedia |
||
| 338 |
_avolume _bnc _2rdacarrier |
||
| 504 | _aIncludes bibliographical references and index. | ||
| 650 | 0 |
_aEnvironmental chemistry. _9441 |
|
| 906 |
_a7 _bcbc _corignew _d1 _eecip _f20 _gy-gencatlg |
||
| 942 |
_2ddc _cBK |
||
| 999 |
_c541250 _d541250 |
||